000 00521nam a2200193Ia 4500
005 20251120162056.0
008 230125s9999 xx 000 0 und d
020 _a978-0-00726139-0
041 _aeng
082 _a158.1
_bDAL
100 _aDale J
_9215167
245 _aEverything you need to know to succeed
260 _c2007
_bHarper Collins Publishers
_aNew Delhi
300 _a243p
500 _aPersonality Development
650 _aPersonality Development
_9213420
700 _aDale J
_9215167
942 _cDB
999 _c91738
_d91738